Discrimination /

Introduction. Supply and demand. Locating discrimination. Protections from discrimination. Remedies and their effectiveness. Equal treayment.

Guardat en:
Dades bibliogràfiques
Autor principal: Banton, Michael, 1926-
Format: Llibre
Idioma:English
Publicat: Buckingham ; Philadelphia : Open University Press, 1994.
Matèries:
Etiquetes: Afegir etiqueta
Sense etiquetes, Sigues el primer a etiquetar aquest registre!
Thư viện lưu trữ: Mạng thư viện Đại học Đà Nẵng
LEADER 00991cam a2200337 i 4500
001 000049067
003 8795
005 20030311154554.0
008 010323|1994 vm 000 eng
020 |a 0335191916 
040 |a IRC  |c IRC  |d IRC 
041 0 |a eng 
082 1 4 |a 305  |b BA-M 
100 1 |a Banton, Michael,  |d 1926- 
245 0 0 |a Discrimination /  |c Michael Banton. 
260 |a Buckingham ; Philadelphia :  |b Open University Press,  |c 1994. 
300 |a 103 p. ;  |c 21.5cm. 
520 3 |a Introduction. Supply and demand. Locating discrimination. Protections from discrimination. Remedies and their effectiveness. Equal treayment. 
630 0 4 |a Discrimination. 
650 0 4 |a Discrimination. 
650 0 4 |a Discrimination  |x Law and legislation. 
OWN |a DUT 
999 |a From the UDN01 
TYP |a Monograph 
TYP |a Printed language 
980 |a Mạng thư viện Đại học Đà Nẵng